Daisy - Ashnikko (All Lyrics) - Statistics

General Stats
  • This quiz has been taken 44 times
  • The average score is 190 of 299
Answer Stats
Lyrics % Correct
You
94%
you
94%
I
91%
I'm
88%
the
88%
your
84%
a
78%
But
78%
but
78%
it
78%
like
78%
on
78%
bitch,
75%
bitch
75%
crazy,
75%
do
75%
Fuck
75%
fuck
75%
me
75%
me,
75%
that,
75%
back
72%
don't
72%
in
72%
is
72%
my
72%
bite
69%
Daisies
69%
for
69%
He
69%
moonlight,
69%
never
69%
and
66%
call
66%
eyes
66%
nightstand,
66%
wanna
66%
forget
63%
he's
63%
man
63%
too
63%
What
63%
as
59%
blossom
59%
blue
59%
daddy
59%
did
59%
else
59%
kitty,
59%
much,
59%
no
59%
No
59%
princess,
59%
see
59%
shoes
59%
so
59%
Being
56%
chatty
56%
It's
56%
kink
56%
kiss
56%
Make
56%
talk
56%
think?
56%
Bow
53%
catty
53%
down
53%
gonna
53%
king
53%
(not
53%
ring
53%
terrifying
53%
Big
50%
bratty
50%
hair,
50%
Pet
50%
with
50%
CEO,
47%
hurt,
47%
it'll
47%
platforms,
47%
sting
47%
backwards
44%
bend
44%
blood
44%
choosy
44%
Cinderella,
44%
light
44%
Long
44%
maverick
44%
screw
44%
sink
44%
Spittin'
44%
am
41%
dare
41%
elastic
41%
Flexible,
41%
glass
41%
Respect
41%
amusement
38%
bruise
38%
can
38%
La, la, la
38%
some
38%
ice,
34%
Only
34%
Pray
34%
prey,
34%
savvy
34%
confuse
31%
cool)
31%
fella
31%
Glacial
31%
nothing
31%
fruity
28%
trust
28%
dickstraction
25%
hip
25%
pursued
25%
flask,
22%
nana,
22%
pews
22%
Whiskey
22%
church's
19%
No matching quizzes found
Score Distribution
Percent of People with Each Score
Percentile by Number Answered
Your Score History
You have not taken this quiz